00370nam a2200121Ia 4500008004100000245002600041245001700067260000900084650001200093856005100105999001900156952007300175171211s9999 xx 000 0 und d aHow to Choose Fabrics cSophi Helene c2014 xHobbies uhttp://down.ebook777.com/063/9781446304938.pdf c350333d350333 001040aCLbCLd2017-12-11l0r2017-12-11 00:00:00w2017-12-11yCBE